Genere famiglia e salute (Record no. 210669)

MARC details
000 -LEADER
fixed length control field 02249nam a2200229Ia 4500
001 - CONTROL NUMBER
control field b6380-45673
003 - CONTROL NUMBER IDENTIFIER
control field IT-MiCISF
008 - FIXED-LENGTH DATA ELEMENTS--GENERAL INFORMATION
fixed length control field 161014s9999||||xx |||||||||||||| ||und||
040 ## - CATALOGING SOURCE
Original cataloging agency IT-MiCISF
Transcribing agency IT-MiCISF
041 ## - LANGUAGE CODE
Language code of text/sound track or separate title it
999 ## - SYSTEM CONTROL NUMBERS (KOHA)
Koha Dewey Subclass [OBSOLETE] si
100 ## - MAIN ENTRY--PERSONAL NAME
Personal name Pinnelli Antonella (a cura di)
245 #0 - TITLE STATEMENT
Title Genere famiglia e salute
250 ## - EDITION STATEMENT
Edition statement 1a ed.
260 ## - PUBLICATION, DISTRIBUTION, ETC. (IMPRINT)
Place of publication, distribution, etc. Milano
Name of publisher, distributor, etc. Franco Angeli
Date of publication, distribution, etc. 2007
300 ## - PHYSICAL DESCRIPTION
Extent pp. 620
500 ## - GENERAL NOTE
General note Pinnelli A., Racioppi F., Terzera L., Fiori F., Giavante S., Mucitelli P., Brait F., Ungaro P., Bambini C., Digiucio P., Ricci G., Guasco E., Addis E., Faraone M., Tomassini C., Birindelli A.M., Farina P., Zanatta A.L., Di Cesare M.... / famiglia, lavoro, formazione, differenza-sessuale, famiglia-migranti, ruoli-familiari, uscita-dalla-famiglia, convivenza, divorzio, periodo-perinatale, periodo-neonatale, alimentazione, parto, giovani, mortalità, salute / Quanto è cambiato il sistema di genere in Italia negli ultimi trent'anni? A che punto siamo rispetto agli altri Paesi sviluppati? E che ripercussioni ci sono state sulla famiglia e sulla salute? Partendo da queste domande gli AA. tracciano un quadro di largo respiro sulle differenze fra uomini e donne nella formazione di capitale umano, nel mercato del lavoro e nella partecipazione ai processi decisionali e di potere. La prospettiva si sposta poi sulla sfera privata, nell'analisi delle differenze di ruoli e di valori. Vengono quindi considerati gli eventi principali del ciclo di vita della famiglia: il passaggio alla vita adulta legato all'uscita dalla casa dei genitori, la formazione e lo scioglimento delle unioni, la fecondità, e l'influenza che ha su di essi da un lato il cambiamento di condizione della donna, dall'altro la maggiore partecipazione dell'uomo ai ruoli di cura. L'ultimo tema, quello della salute, considera l'eccessiva medicalizzazione della nascita e la capacità delle donne e dei loro partner di limitarla, la supermortalità maschile fra i giovani, e le differenze di genere nelle condizioni di salute oggettive e soggettive di adulti e anziani.
650 ## - SUBJECT ADDED ENTRY--TOPICAL TERM
Topical term or geographic name as entry element Dinamiche familiari / famiglia
Relator term 001
700 ## - ADDED ENTRY--PERSONAL NAME
Personal name Raccioppi Filomena (a cura di)
700 ## - ADDED ENTRY--PERSONAL NAME
Personal name Terzera Laura (a cura di)
942 ## - ADDED ENTRY ELEMENTS (KOHA)
Koha item type LIBRO
957 ## -
-- 1
999 ## - SYSTEM CONTROL NUMBERS (KOHA)
-- 1
Holdings
Withdrawn status Lost status Damaged status Not for loan Home library Current library Date acquired Total Checkouts Full call number Date last seen Price effective from Koha item type Public note
    Buone Condizioni Not For Loan CISF - Milano CISF - Milano 14/10/2016   b6380-45673 14/10/2016 14/10/2016 LIBRO Data import 15.10.2016 / by Epidotti, Vaglietti
CREDITS: SOCIETA' SAN PAOLO Via A.Severo, 58 - ROMA (RM) & PERIODICI SAN PAOLO SRL Via Giotto, 36 MILANO & CISF Via Giotto, 36 MILANO & EDIZIONI SAN PAOLO SRL,  Piazza Soncino, 5 CINISELLO BALSAMO (MI) -- ITALY